[Event "6. Esbjerg Efterår - Esbjergmesterskabet 2023"]
[Site "Rybners HTX"]
[Date "2023.10.20"]
[Round "1.1"]
[White "Ramsdal, Jens Albert"]
[Black "Bekmukhanov, Sauran"]
[Result "1-0"]
[WhiteElo "2408"]
[BlackElo "1679"]

1. Nf3 {[%clk 00:19:58]} {[%emt 00:00:11]} Nf6 {[%clk 00:19:39]} {[%emt
00:00:31]} 2. b3 {[%clk 00:19:59]} {[%emt 00:00:04]} d5 {[%clk 00:19:40]}
{[%emt 00:00:05]} 3. Bb2 {[%clk 00:20:02]} {[%emt 00:00:01]} c5 {[%clk
00:19:38]} {[%emt 00:00:07]} 4. e3 {[%clk 00:19:58]} {[%emt 00:00:08]} Nc6
{[%clk 00:19:31]} {[%emt 00:00:13]} 5. d4 {[%clk 00:19:46]} {[%emt 00:00:17]}
Bg4 {[%clk 00:18:03]} {[%emt 00:01:33]} 6. h3 {[%clk 00:19:37]} {[%emt
00:00:14]} Bh5 {[%clk 00:18:00]} {[%emt 00:00:09]} 7. g4 {[%clk 00:18:22]}
{[%emt 00:01:20]} Bg6 {[%clk 00:17:58]} {[%emt 00:00:08]} 8. Ne5 {[%clk
00:18:19]} {[%emt 00:00:07]} Ne4 {[%clk 00:15:46]} {[%emt 00:02:17]} 9. f3
{[%clk 00:17:29]} {[%emt 00:00:55]} Qa5+ {[%clk 00:14:31]} {[%emt 00:01:21]} 10.
c3 {[%clk 00:16:57]} {[%emt 00:00:37]} Ng3 {[%clk 00:14:04]} {[%emt 00:00:31]}
11. Rh2 {[%clk 00:16:06]} {[%emt 00:00:55]} Nxf1 {[%clk 00:13:48]} {[%emt
00:00:21]} 12. Kxf1 {[%clk 00:16:08]} {[%emt 00:00:02]} Qc7 {[%clk 00:13:18]}
{[%emt 00:00:36]} 13. f4 {[%clk 00:14:57]} {[%emt 00:01:16]} Nxe5 {[%clk
00:12:36]} {[%emt 00:00:46]} 14. dxe5 {[%clk 00:14:31]} {[%emt 00:00:31]} e6
{[%clk 00:12:29]} {[%emt 00:00:13]} 15. c4 {[%clk 00:14:10]} {[%emt 00:00:26]}
Rd8 {[%clk 00:11:40]} {[%emt 00:00:54]} 16. Rd2 {[%clk 00:13:09]} {[%emt
00:01:06]} dxc4 {[%clk 00:10:24]} {[%emt 00:01:21]} 17. bxc4 {[%clk 00:13:07]}
{[%emt 00:00:07]} Rxd2 {[%clk 00:10:04]} {[%emt 00:00:25]} 18. Qxd2 {[%clk
00:12:46]} {[%emt 00:00:26]} Qc6 {[%clk 00:09:48]} {[%emt 00:00:21]} 19. Kg1
{[%clk 00:08:58]} {[%emt 00:03:53]} h5 {[%clk 00:07:18]} {[%emt 00:02:35]} 20.
g5 {[%clk 00:07:45]} {[%emt 00:01:18]} Qf3 {[%emt 00:07:35]} 1-0

[Event "6. Esbjerg Efterår - Esbjergmesterskabet 2023"]
[Site "Rybners HTX"]
[Date "2023.10.20"]
[Round "1.2"]
[White "Vinther, Christoffer"]
[Black "Fries Nielsen, Jens Ove"]
[Result "0-1"]
[WhiteElo "1673"]
[BlackElo "2398"]

1. e4 {[%clk 00:20:07]} {[%emt 00:00:02]} e6 {[%clk 00:20:03]} {[%emt
00:00:08]} 2. Nf3 {[%clk 00:20:03]} {[%emt 00:00:09]} d6 {[%clk 00:20:06]}
{[%emt 00:00:02]} 3. Nc3 {[%clk 00:19:56]} {[%emt 00:00:11]} Ne7 {[%clk
00:20:08]} {[%emt 00:00:03]} 4. b3 {[%clk 00:19:47]} {[%emt 00:00:15]} g6
{[%clk 00:19:54]} {[%emt 00:00:19]} 5. Bb2 {[%clk 00:19:30]} {[%emt 00:00:22]}
Bg7 {[%clk 00:19:51]} {[%emt 00:00:08]} 6. Be2 {[%clk 00:19:25]} {[%emt
00:00:10]} Nd7 {[%clk 00:19:48]} {[%emt 00:00:08]} 7. d4 {[%clk 00:18:56]}
{[%emt 00:00:35]} a6 {[%clk 00:19:45]} {[%emt 00:00:08]} 8. Qd2 {[%clk
00:18:50]} {[%emt 00:00:11]} b5 {[%clk 00:19:31]} {[%emt 00:00:18]} 9. a3
{[%clk 00:18:31]} {[%emt 00:00:24]} Bb7 {[%clk 00:19:35]} {[%emt 00:00:02]} 10.
O-O {[%clk 00:18:16]} {[%emt 00:00:20]} O-O {[%clk 00:19:38]} {[%emt 00:00:02]}
11. Rad1 {[%clk 00:17:29]} {[%emt 00:00:52]} h6 {[%clk 00:17:40]} {[%emt
00:02:02]} 12. Rfe1 {[%clk 00:15:53]} {[%emt 00:01:41]} Rc8 {[%clk 00:16:08]}
{[%emt 00:01:38]} 13. b4 {[%clk 00:14:50]} {[%emt 00:01:07]} Nb6 {[%clk
00:16:00]} {[%emt 00:00:13]} 14. h3 {[%clk 00:13:10]} {[%emt 00:01:45]} c5
{[%clk 00:14:39]} {[%emt 00:01:27]} 15. dxc5 {[%clk 00:12:06]} {[%emt
00:01:09]} dxc5 {[%clk 00:14:43]} {[%emt 00:00:01]} 16. Qxd8 {[%clk 00:11:57]}
{[%emt 00:00:14]} Rfxd8 {[%clk 00:14:47]} {[%emt 00:00:01]} 17. Rxd8+ {[%clk
00:12:00]} {[%emt 00:00:02]} Rxd8 {[%clk 00:14:51]} {[%emt 00:00:01]} 18. bxc5
{[%clk 00:12:02]} {[%emt 00:00:02]} Nd7 {[%clk 00:14:55]} 19. Rd1 {[%clk
00:10:47]} {[%emt 00:01:20]} Nc6 {[%clk 00:14:55]} {[%emt 00:00:05]} 20. Ne1
{[%clk 00:07:56]} {[%emt 00:02:56]} Nd4 {[%clk 00:14:30]} {[%emt 00:00:30]} 21.
Bd3 {[%clk 00:07:47]} {[%emt 00:00:14]} Nxc5 {[%clk 00:14:33]} {[%emt
00:00:03]} 22. f3 {[%clk 00:07:28]} {[%emt 00:00:24]} Rc8 {[%clk 00:13:17]}
{[%emt 00:01:21]} 23. Kf2 {[%clk 00:06:01]} {[%emt 00:01:32]} Nxd3+ {[%clk
00:09:12]} {[%emt 00:04:10]} 24. Rxd3 {[%clk 00:06:00]} {[%emt 00:00:05]} a5
{[%clk 00:09:14]} {[%emt 00:00:04]} 25. Ke3 {[%clk 00:02:47]} {[%emt 00:03:18]}
b4 {[%clk 00:07:56]} {[%emt 00:01:23]} 26. axb4 {[%clk 00:02:19]} {[%emt
00:00:33]} axb4 {[%clk 00:08:00]} 27. Na2 {[%clk 00:02:16]} {[%emt 00:00:08]}
Nxc2+ {[%clk 00:06:15]} {[%emt 00:01:51]} 28. Nxc2 {[%clk 00:01:59]} {[%emt
00:00:22]} Bxb2 {[%clk 00:03:46]} {[%emt 00:02:35]} 29. Naxb4 {[%clk 00:01:54]}
{[%emt 00:00:10]} Rc7 {[%clk 00:03:50]} 30. Kd2 {[%clk 00:01:24]} {[%emt
00:00:34]} Be5 {[%clk 00:03:37]} {[%emt 00:00:18]} 31. Ra3 {[%clk 00:00:57]}
{[%emt 00:00:33]} Bc8 {[%clk 00:03:18]} {[%emt 00:00:24]} 32. Kd3 {[%clk
00:00:35]} {[%emt 00:00:27]} Bd7 {[%clk 00:03:03]} {[%emt 00:00:20]} 33. Ne3
{[%clk 00:00:17]} {[%emt 00:00:23]} Bb5+ {[%clk 00:03:04]} {[%emt 00:00:04]} 34.
Kd2 {[%clk 00:00:18]} {[%emt 00:00:03]} Bf4 {[%clk 00:02:16]} {[%emt 00:00:53]}
35. Nbc2 {[%clk 00:00:22]} {[%emt 00:00:02]} Kg7 {[%clk 00:02:11]} {[%emt
00:00:10]} 36. Rc3 {[%clk 00:00:13]} {[%emt 00:00:13]} Rd7+ {[%clk 00:02:07]}
{[%emt 00:00:09]} 37. Kc1 {[%clk 00:00:21]} {[%emt 00:01:23]} Be2 {[%clk
00:03:52]} {[%emt 00:00:26]} 38. Kb2 {[%clk 00:00:12]} {[%emt 00:00:16]} Be5
{[%clk 00:03:49]} {[%emt 00:00:08]} 39. Kb1 {[%clk 00:00:08]} {[%emt 00:00:14]}
0-1

[Event "6. Esbjerg Efterår - Esbjergmesterskabet 2023"]
[Site "Rybners HTX"]
[Date "2023.10.20"]
[Round "1.3"]
[White "Skytte, Rasmus"]
[Black "Hedelykke, Kristen"]
[Result "1-0"]
[WhiteElo "2322"]
[BlackElo "1667"]

1. e4 {[%clk 00:20:06]} {[%emt 00:00:03]} a5 {[%clk 00:20:05]} {[%emt
00:00:06]} 2. d4 {[%clk 00:20:07]} {[%emt 00:00:03]} c6 {[%clk 00:20:05]}
{[%emt 00:00:06]} 3. c4 {[%clk 00:20:02]} {[%emt 00:00:09]} d5 {[%clk
00:20:01]} {[%emt 00:00:10]} 4. exd5 {[%clk 00:19:57]} {[%emt 00:00:10]} cxd5
{[%clk 00:20:04]} {[%emt 00:00:02]} 5. Nc3 {[%clk 00:20:00]} {[%emt 00:00:01]}
e6 {[%clk 00:19:26]} {[%emt 00:00:44]} 6. Nf3 {[%clk 00:20:00]} {[%emt
00:00:05]} Nf6 {[%clk 00:18:59]} {[%emt 00:00:32]} 7. Bg5 {[%clk 00:19:53]}
{[%emt 00:00:11]} Be7 {[%clk 00:18:54]} {[%emt 00:00:10]} 8. Bd3 {[%clk
00:19:46]} {[%emt 00:00:12]} h6 {[%clk 00:18:56]} {[%emt 00:00:04]} 9. Bh4
{[%clk 00:19:45]} {[%emt 00:00:05]} dxc4 {[%clk 00:16:40]} {[%emt 00:02:21]} 10.
Bxc4 {[%clk 00:19:46]} {[%emt 00:00:04]} O-O {[%clk 00:16:11]} {[%emt
00:00:35]} 11. O-O {[%clk 00:19:44]} {[%emt 00:00:04]} Na6 {[%clk 00:14:43]}
{[%emt 00:01:36]} 12. Qe2 {[%clk 00:19:09]} {[%emt 00:00:39]} Nc7 {[%clk
00:14:24]} {[%emt 00:00:24]} 13. Rad1 {[%clk 00:18:46]} {[%emt 00:00:27]} Nfd5
{[%clk 00:14:20]} {[%emt 00:00:10]} 14. Bxe7 {[%clk 00:18:36]} {[%emt
00:00:15]} Qxe7 {[%clk 00:14:23]} {[%emt 00:00:03]} 15. Bxd5 {[%clk 00:18:34]}
{[%emt 00:00:06]} Nxd5 {[%clk 00:13:14]} {[%emt 00:01:14]} 16. Nxd5 {[%clk
00:18:37]} {[%emt 00:00:03]} Qd6 {[%clk 00:13:18]} {[%emt 00:00:02]} 17. Nc3
{[%clk 00:18:33]} {[%emt 00:00:08]} Bd7 {[%clk 00:13:21]} {[%emt 00:00:03]} 18.
d5 {[%clk 00:18:30]} {[%emt 00:00:07]} Qc5 {[%clk 00:12:40]} {[%emt 00:00:46]}
19. Ne5 {[%clk 00:18:23]} {[%emt 00:00:12]} Rfd8 {[%clk 00:11:52]} {[%emt
00:00:53]} 20. Nxd7 {[%clk 00:18:19]} {[%emt 00:00:10]} Rxd7 {[%clk 00:11:48]}
{[%emt 00:00:09]} 21. dxe6 {[%clk 00:18:20]} {[%emt 00:00:03]} Rc7 {[%clk
00:11:12]} {[%emt 00:00:41]} 22. Nd5 {[%clk 00:18:18]} {[%emt 00:00:07]} 1-0

[Event "6. Esbjerg Efterår - Esbjergmesterskabet 2023"]
[Site "Rybners HTX"]
[Date "2023.10.20"]
[Round "1.4"]
[White "Madsen, Svend"]
[Black "Rødgaard, John"]
[Result "0-1"]
[WhiteElo "1661"]
[BlackElo "2285"]

1. e4 {[%clk 00:20:06]} {[%emt 00:00:03]} e6 {[%clk 00:19:06]} {[%emt
00:01:04]} 2. d4 {[%clk 00:20:08]} {[%emt 00:00:03]} d5 {[%clk 00:19:08]}
{[%emt 00:00:02]} 3. e5 {[%clk 00:20:11]} {[%emt 00:00:03]} c5 {[%clk
00:19:10]} {[%emt 00:00:03]} 4. c3 {[%clk 00:20:15]} {[%emt 00:00:02]} Nc6
{[%clk 00:19:13]} {[%emt 00:00:02]} 5. Nf3 {[%clk 00:20:17]} {[%emt 00:00:02]}
Bd7 {[%clk 00:19:15]} {[%emt 00:00:02]} 6. Bd3 {[%clk 00:20:18]} {[%emt
00:00:04]} cxd4 {[%clk 00:19:16]} {[%emt 00:00:04]} 7. cxd4 {[%clk 00:20:20]}
{[%emt 00:00:03]} Qb6 {[%clk 00:19:19]} {[%emt 00:00:02]} 8. O-O {[%clk
00:20:19]} {[%emt 00:00:07]} Nxd4 {[%clk 00:19:21]} {[%emt 00:00:04]} 9. Nxd4
{[%clk 00:20:21]} {[%emt 00:00:03]} Qxd4 {[%clk 00:19:23]} {[%emt 00:00:02]} 10.
Nc3 {[%clk 00:20:24]} {[%emt 00:00:03]} a6 {[%clk 00:18:53]} {[%emt 00:00:35]}
11. Re1 {[%clk 00:18:54]} {[%emt 00:01:35]} Ne7 {[%clk 00:17:37]} {[%emt
00:01:20]} 12. Qf3 {[%clk 00:14:54]} {[%emt 00:04:05]} Ng6 {[%clk 00:12:06]}
{[%emt 00:05:36]} 13. Bxg6 {[%clk 00:14:08]} {[%emt 00:00:51]} hxg6 {[%clk
00:11:33]} {[%emt 00:00:38]} 14. Bf4 {[%clk 00:12:09]} {[%emt 00:02:04]} Bc6
{[%clk 00:09:07]} {[%emt 00:02:31]} 15. Bg3 {[%clk 00:05:52]} {[%emt 00:06:22]}
Bb4 {[%clk 00:04:59]} {[%emt 00:04:12]} 16. Red1 {[%clk 00:04:48]} {[%emt
00:01:09]} Qb6 {[%clk 00:04:42]} {[%emt 00:00:22]} 17. Qd3 {[%clk 00:04:04]}
{[%emt 00:00:50]} Rc8 {[%clk 00:04:15]} {[%emt 00:00:32]} 18. a3 {[%clk
00:03:44]} {[%emt 00:00:26]} Be7 {[%clk 00:04:05]} {[%emt 00:00:14]} 19. b4
{[%clk 00:03:42]} {[%emt 00:00:08]} O-O {[%clk 00:03:42]} {[%emt 00:00:28]} 20.
Ne2 {[%clk 00:03:44]} {[%emt 00:00:03]} Bb5 {[%clk 00:03:39]} {[%emt 00:00:08]}
21. Qd4 {[%clk 00:03:40]} {[%emt 00:00:09]} Qxd4 {[%clk 00:02:36]} {[%emt
00:01:08]} 22. Nxd4 {[%clk 00:03:34]} {[%emt 00:00:11]} Bd7 {[%clk 00:02:38]}
{[%emt 00:00:03]} 23. Rac1 {[%clk 00:03:33]} {[%emt 00:00:06]} f6 {[%clk
00:02:38]} {[%emt 00:00:04]} 24. f4 {[%clk 00:02:40]} {[%emt 00:00:59]} Kf7
{[%clk 00:02:41]} {[%emt 00:00:02]} 25. Nb3 {[%clk 00:02:04]} {[%emt 00:00:41]}
Ba4 {[%clk 00:02:42]} {[%emt 00:00:05]} 26. Rxc8 {[%clk 00:02:04]} {[%emt
00:00:05]} Rxc8 {[%clk 00:02:45]} {[%emt 00:00:02]} 27. Rc1 {[%clk 00:02:08]}
Rxc1+ {[%clk 00:02:36]} {[%emt 00:00:14]} 28. Nxc1 {[%clk 00:02:11]} {[%emt
00:00:01]} a5 {[%emt 00:00:34]} 29. Be1 {[%clk 00:02:09]} g5 {[%clk 00:02:10]}
{[%emt 00:00:10]} 30. exf6 {[%clk 00:02:08]} {[%emt 00:00:05]} gxf6 {[%clk
00:02:10]} {[%emt 00:00:05]} 31. fxg5 {[%clk 00:02:10]} {[%emt 00:00:02]} fxg5
{[%clk 00:02:13]} {[%emt 00:00:03]} 32. Bd2 {[%clk 00:02:11]} {[%emt 00:00:04]}
Kf6 {[%clk 00:02:03]} {[%emt 00:00:15]} 33. Nd3 {[%clk 00:02:10]} {[%emt
00:00:05]} e5 {[%clk 00:01:46]} {[%emt 00:00:22]} 34. Nc5 {[%clk 00:02:11]}
{[%emt 00:00:04]} Bc6 {[%clk 00:01:47]} {[%emt 00:00:04]} 35. g4 {[%clk
00:02:08]} {[%emt 00:00:09]} b6 {[%clk 00:01:34]} {[%emt 00:00:18]} 36. Nd3
{[%clk 00:02:01]} {[%emt 00:00:12]} Bb5 {[%clk 00:01:33]} {[%emt 00:00:06]} 37.
Nb2 {[%clk 00:02:02]} {[%emt 00:00:04]} axb4 {[%clk 00:01:25]} {[%emt
00:00:14]} 38. Bxb4 {[%clk 00:02:03]} {[%emt 00:00:03]} Bxb4 {[%clk 00:01:25]}
{[%emt 00:00:05]} 39. axb4 {[%clk 00:02:07]} {[%emt 00:00:02]} d4 {[%clk
00:01:28]} {[%emt 00:00:02]} 40. Kf2 {[%clk 00:02:07]} {[%emt 00:00:05]} e4
{[%clk 00:01:32]} {[%emt 00:00:01]} 41. Kg3 {[%clk 00:01:34]} {[%emt 00:00:38]}
Ke5 {[%clk 00:01:35]} {[%emt 00:00:02]} 42. h4 {[%clk 00:01:38]} {[%emt
00:00:01]} gxh4+ {[%clk 00:01:39]} {[%emt 00:00:01]} 43. Kxh4 {[%clk 00:01:41]}
e3 {[%clk 00:01:37]} {[%emt 00:00:08]} 44. Kg3 {[%clk 00:01:30]} {[%emt
00:00:16]} Ke4 {[%clk 00:01:40]} {[%emt 00:00:02]} 45. Nd1 {[%clk 00:00:57]}
{[%emt 00:00:37]} e2 {[%clk 00:01:34]} {[%emt 00:00:12]} 0-1

[Event "6. Esbjerg Efterår - Esbjergmesterskabet 2023"]
[Site "Rybners HTX"]
[Date "2023.10.20"]
[Round "1.5"]
[White "Hansen, Lars"]
[Black "Wuff, Poul"]
[Result "1-0"]
[WhiteElo "2229"]
[BlackElo "1637"]

1. e4 {[%clk 00:20:05]} {[%emt 00:00:04]} c6 {[%clk 00:20:08]} {[%emt
00:00:03]} 2. d4 {[%clk 00:20:07]} {[%emt 00:00:02]} d5 {[%clk 00:20:11]}
{[%emt 00:00:03]} 3. exd5 {[%clk 00:20:02]} {[%emt 00:00:10]} cxd5 {[%clk
00:20:12]} {[%emt 00:00:04]} 4. Bd3 {[%clk 00:20:03]} {[%emt 00:00:03]} Nc6
{[%clk 00:19:51]} {[%emt 00:00:27]} 5. c3 {[%clk 00:20:07]} {[%emt 00:00:01]}
Nf6 {[%clk 00:18:11]} {[%emt 00:01:44]} 6. Bf4 {[%clk 00:20:09]} {[%emt
00:00:03]} Bg4 {[%clk 00:17:57]} {[%emt 00:00:19]} 7. Qb3 {[%clk 00:20:11]}
{[%emt 00:00:04]} Qd7 {[%clk 00:17:45]} {[%emt 00:00:17]} 8. Nd2 {[%clk
00:20:12]} {[%emt 00:00:03]} e6 {[%clk 00:17:09]} {[%emt 00:00:42]} 9. Ngf3
{[%clk 00:20:14]} {[%emt 00:00:02]} a6 {[%clk 00:15:48]} {[%emt 00:01:26]} 10.
Ne5 {[%clk 00:19:23]} {[%emt 00:00:55]} Nxe5 {[%clk 00:13:45]} {[%emt
00:02:09]} 11. dxe5 {[%clk 00:19:24]} {[%emt 00:00:03]} Ne4 {[%clk 00:13:45]}
{[%emt 00:00:05]} 12. Nxe4 {[%clk 00:18:51]} {[%emt 00:00:37]} dxe4 {[%clk
00:13:23]} {[%emt 00:00:28]} 13. Bxe4 {[%clk 00:18:54]} {[%emt 00:00:02]} Bc5
{[%clk 00:08:20]} {[%emt 00:05:08]} 14. Qxb7 {[%emt 00:01:01]} O-O {[%clk
00:07:48]} {[%emt 00:00:35]} 15. Qxd7 {[%clk 00:17:51]} {[%emt 00:00:05]} 1-0

[Event "6. Esbjerg Efterår - Esbjergmesterskabet 2023"]
[Site "Rybners HTX"]
[Date "2023.10.20"]
[Round "1.6"]
[White "Skytte, Robert"]
[Black "Holmsgaard, Henrik"]
[Result "1/2-1/2"]
[WhiteElo "1634"]
[BlackElo "2134"]

1. e4 {[%clk 00:20:07]} c5 {[%clk 00:13:54]} {[%emt 00:06:17]} 2. Nf3 {[%clk
00:20:08]} {[%emt 00:00:03]} e6 {[%clk 00:13:58]} {[%emt 00:00:02]} 3. d4
{[%clk 00:20:11]} {[%emt 00:00:02]} cxd4 {[%clk 00:14:02]} {[%emt 00:00:01]} 4.
Nxd4 {[%clk 00:20:14]} {[%emt 00:00:02]} Nc6 {[%clk 00:14:05]} {[%emt
00:00:02]} 5. Nc3 {[%clk 00:20:18]} {[%emt 00:00:02]} Qc7 {[%clk 00:14:09]}
{[%emt 00:00:01]} 6. Be2 {[%clk 00:20:20]} {[%emt 00:00:02]} a6 {[%clk
00:14:06]} {[%emt 00:00:08]} 7. O-O {[%clk 00:20:16]} {[%emt 00:00:09]} Nf6
{[%clk 00:14:02]} {[%emt 00:00:09]} 8. Be3 {[%clk 00:20:17]} {[%emt 00:00:04]}
Be7 {[%clk 00:14:04]} {[%emt 00:00:03]} 9. f4 {[%clk 00:20:19]} {[%emt
00:00:03]} d6 {[%clk 00:14:06]} {[%emt 00:00:03]} 10. Kh1 {[%clk 00:20:05]}
{[%emt 00:00:19]} O-O {[%clk 00:13:38]} {[%emt 00:00:34]} 11. a4 {[%clk
00:20:08]} {[%emt 00:00:02]} Nxd4 {[%clk 00:13:07]} {[%emt 00:00:35]} 12. Bxd4
{[%clk 00:20:07]} {[%emt 00:00:07]} e5 {[%clk 00:13:06]} {[%emt 00:00:05]} 13.
fxe5 {[%clk 00:19:44]} {[%emt 00:00:28]} dxe5 {[%clk 00:13:09]} {[%emt
00:00:02]} 14. Be3 {[%clk 00:19:44]} {[%emt 00:00:04]} Be6 {[%clk 00:12:51]}
{[%emt 00:00:24]} 15. Qe1 {[%clk 00:19:45]} {[%emt 00:00:05]} Rfd8 {[%clk
00:11:47]} {[%emt 00:01:10]} 16. Qg3 {[%clk 00:19:46]} {[%emt 00:00:03]} Rac8
{[%clk 00:10:46]} {[%emt 00:01:07]} 17. Rad1 {[%clk 00:19:13]} {[%emt
00:00:37]} Rxd1 {[%clk 00:09:26]} {[%emt 00:01:25]} 18. Rxd1 {[%clk 00:19:13]}
{[%emt 00:00:05]} Rd8 {[%clk 00:09:25]} {[%emt 00:00:07]} 19. Rxd8+ {[%clk
00:19:12]} {[%emt 00:00:05]} Bxd8 {[%clk 00:09:28]} {[%emt 00:00:02]} 20. h4
{[%clk 00:18:10]} {[%emt 00:01:08]} 1/2-1/2

[Event "6. Esbjerg Efterår - Esbjergmesterskabet 2023"]
[Site "Rybners HTX"]
[Date "2023.10.20"]
[Round "1.7"]
[White "Rossen, Claus"]
[Black "Gråbæk, Sebastian"]
[Result "1-0"]
[WhiteElo "2027"]
[BlackElo "1612"]

1. e4 {[%clk 00:20:07]} {[%emt 00:00:02]} c5 {[%clk 00:20:06]} {[%emt
00:00:05]} 2. Nf3 {[%clk 00:20:05]} {[%emt 00:00:06]} d6 {[%clk 00:20:06]}
{[%emt 00:00:04]} 3. d4 {[%clk 00:20:05]} {[%emt 00:00:07]} cxd4 {[%clk
00:20:04]} {[%emt 00:00:06]} 4. Nxd4 {[%clk 00:20:08]} {[%emt 00:00:02]} Nf6
{[%clk 00:19:59]} {[%emt 00:00:10]} 5. Nc3 {[%clk 00:20:07]} {[%emt 00:00:07]}
g6 {[%clk 00:19:58]} {[%emt 00:00:05]} 6. Be3 {[%clk 00:20:04]} {[%emt
00:00:09]} Bg7 {[%clk 00:19:54]} {[%emt 00:00:08]} 7. f3 {[%clk 00:20:06]}
{[%emt 00:00:04]} O-O {[%clk 00:19:52]} {[%emt 00:00:07]} 8. Qd2 {[%clk
00:20:06]} {[%emt 00:00:06]} Nc6 {[%clk 00:19:47]} {[%emt 00:00:09]} 9. O-O-O
{[%clk 00:20:04]} {[%emt 00:00:07]} Bd7 {[%clk 00:19:43]} {[%emt 00:00:09]} 10.
h4 {[%clk 00:19:30]} {[%emt 00:00:40]} h5 {[%clk 00:19:36]} {[%emt 00:00:10]}
11. g4 {[%clk 00:19:32]} {[%emt 00:00:04]} Rc8 {[%clk 00:19:06]} {[%emt
00:00:34]} 12. Bh6 {[%clk 00:17:30]} {[%emt 00:02:08]} Nxd4 {[%clk 00:17:19]}
{[%emt 00:01:53]} 13. Bxg7 {[%clk 00:17:24]} {[%emt 00:00:10]} Nb3+ {[%clk
00:16:28]} {[%emt 00:00:56]} 14. axb3 {[%clk 00:17:23]} {[%emt 00:00:06]} Kxg7
{[%clk 00:16:03]} {[%emt 00:00:30]} 15. e5 {[%clk 00:14:50]} {[%emt 00:02:39]}
Ne8 {[%clk 00:14:58]} {[%emt 00:01:06]} 16. gxh5 {[%clk 00:14:37]} {[%emt
00:00:21]} Bf5 {[%clk 00:11:58]} {[%emt 00:03:03]} 17. Bd3 {[%clk 00:13:04]}
{[%emt 00:01:40]} dxe5 {[%clk 00:09:01]} {[%emt 00:03:03]} 18. Qe3 {[%clk
00:08:43]} {[%emt 00:04:26]} Qa5 {[%clk 00:08:29]} {[%emt 00:00:37]} 19. Bxf5
{[%clk 00:08:29]} {[%emt 00:00:19]} Qa1+ {[%clk 00:08:04]} {[%emt 00:00:30]} 20.
Nb1 {[%clk 00:08:32]} {[%emt 00:00:02]} Qa5 {[%clk 00:04:03]} {[%emt 00:04:04]}
21. Bxc8 {[%clk 00:08:24]} {[%emt 00:00:14]} 1-0

[Event "6. Esbjerg Efterår - Esbjergmesterskabet 2023"]
[Site "Rybners HTX"]
[Date "2023.10.20"]
[Round "1.8"]
[White "Madsen, Egon Rysgaard"]
[Black "Guindy, Esmat Susanne"]
[Result "0-1"]
[WhiteElo "1606"]
[BlackElo "2013"]

1. e4 {[%clk 00:20:03]} {[%emt 00:00:06]} e6 {[%clk 00:20:08]} {[%emt
00:00:02]} 2. d4 {[%clk 00:20:02]} {[%emt 00:00:06]} d5 {[%clk 00:20:11]}
{[%emt 00:00:03]} 3. exd5 {[%clk 00:19:55]} {[%emt 00:00:11]} exd5 {[%clk
00:20:15]} {[%emt 00:00:02]} 4. Nf3 {[%clk 00:19:29]} {[%emt 00:00:31]} c6
{[%clk 00:20:17]} {[%emt 00:00:03]} 5. Bf4 {[%clk 00:19:14]} {[%emt 00:00:19]}
Bd6 {[%clk 00:19:51]} {[%emt 00:00:32]} 6. Bxd6 {[%clk 00:18:52]} {[%emt
00:00:27]} Qxd6 {[%clk 00:19:54]} {[%emt 00:00:02]} 7. c3 {[%clk 00:18:36]}
{[%emt 00:00:21]} Nf6 {[%clk 00:19:55]} {[%emt 00:00:04]} 8. Nbd2 {[%clk
00:18:38]} {[%emt 00:00:03]} O-O {[%clk 00:19:55]} {[%emt 00:00:05]} 9. Be2
{[%clk 00:18:39]} {[%emt 00:00:05]} Re8 {[%clk 00:19:56]} {[%emt 00:00:04]} 10.
O-O {[%clk 00:18:40]} {[%emt 00:00:03]} Bf5 {[%clk 00:19:48]} {[%emt 00:00:13]}
11. Re1 {[%clk 00:18:30]} {[%emt 00:00:16]} Nbd7 {[%clk 00:19:50]} {[%emt
00:00:02]} 12. Nh4 {[%clk 00:17:22]} {[%emt 00:01:12]} Be6 {[%clk 00:19:26]}
{[%emt 00:00:29]} 13. Bd3 {[%clk 00:17:05]} {[%emt 00:00:22]} Nf8 {[%clk
00:19:10]} {[%emt 00:00:21]} 14. Qc2 {[%clk 00:16:36]} {[%emt 00:00:35]} Re7
{[%clk 00:17:55]} {[%emt 00:01:19]} 15. Nf5 {[%clk 00:15:44]} {[%emt 00:00:56]}
Bxf5 {[%clk 00:17:56]} {[%emt 00:00:04]} 16. Bxf5 {[%clk 00:15:46]} {[%emt
00:00:03]} Rae8 {[%clk 00:17:50]} {[%emt 00:00:11]} 17. Nf3 {[%clk 00:15:25]}
{[%emt 00:00:27]} Ne4 {[%clk 00:16:50]} {[%emt 00:01:05]} 18. Nd2 {[%clk
00:13:49]} {[%emt 00:01:41]} Qf4 {[%clk 00:16:02]} {[%emt 00:00:53]} 19. Bxe4
{[%clk 00:13:05]} {[%emt 00:00:49]} dxe4 {[%clk 00:16:01]} {[%emt 00:00:06]} 20.
Re3 {[%clk 00:12:43]} {[%emt 00:00:27]} f5 {[%clk 00:15:34]} {[%emt 00:00:32]}
21. Rae1 {[%clk 00:12:30]} {[%emt 00:00:17]} Re6 {[%clk 00:13:48]} {[%emt
00:01:52]} 22. f3 {[%clk 00:11:52]} {[%emt 00:00:43]} exf3 {[%clk 00:12:27]}
{[%emt 00:01:26]} 23. Rxe6 {[%clk 00:11:15]} {[%emt 00:00:43]} f2+ {[%clk
00:12:03]} {[%emt 00:00:28]} 0-1